01687cac a2200325 i 4500003000900000005001700009007000300026008004100029020001800070020001500088040003300103041000800136082002000144245014700164250003500311264004700346300004000393336002700433337003300460338002800493490002300521500002100544520054300565521005301108650005101161650003301212650002701245700003701272700005201309CO-PeBPM20251004171703.0ta210902r2019 ck a jr 000 p spa d a9789583003523 a9583003522 aCO-PeBPMbspaerdacCO-PeBPM0 aspa04a808.81 P74322210aPoeMáquinasb: Antología de iniciación a la poesíac/ Selección y notas Darío Jaramillo Agudelo ; ilustrado por Ana María Acosta bDécimo primera reimpresión 1aBogotá, Colombiab: Panamericanac, 2019 a108 páginasbilustracionesc23 cm atextobtxt2rdacontent asin mediaciónbn2rdamedia avolumenbnc2rdacarrier aLiteratura juvenil aIncluye índice a"Amo la poesía", dice Jaramillo Agudelo en la introducción a este libro. "La poesía me ha acompañado siempre. Si estoy contento, para mantener la euforia; si estoy triste, para reconfortarme. Si quiero expresar algo, aparece el poema que lo dice con exactitud." Esta es la razón de ser de este libro, destinado a servir de iniciación en la poesía a los adolescentes y a personas de cualquier edad, y que busca recordarnos lo esencial: la poesía ante todo, es el placer de la palabra. Tomado de la contracubierta del libro. aRecomendado para un público mayor a 15 años 14aLiteratura hispanoamericanavAntología2LEMB14aPoesía - ColeccionesvLEMB14aLibros y lecturavLEMB1 aAcosta, Ana Maríaeilustradora1 aJaramillo Agudelo, Daríoecompiladord, 1947-